000 nam a22 7a 4500
999 _c330405
_d330405
003 ASAB
005 20170707121944.0
008 170707b xxu||||| |||| 00| 0 eng d
020 _a9694165229
040 _cASAB
082 _aFIC
100 _aUmera Ahmad
_93178
245 _aThora sa asmaan
_cUmera Ahmad
260 _alahore.
_bElm o irfan publishers
_c2009
300 _a829 p.
942 _2ddc
_cBK